000 01903nam a22002657a 4500
999 _c58685
_d58685
003 Ge_BSU
005 20220629121602.0
008 220629s2021 ge ||||| |||| 00| 0 geo d
020 _a9789941835094
041 _ageo
080 _a342(075.8) +341.231.14 მ-91
100 _aმუხიგული, ქეთევან
_99733
245 _aმასწავლებლის გზამკვლევი :
_b პროფესიული საგანმანათლებლო დაწესებულების სამოქალაქო განათლების კურსი /
_cქეთევან მუხიგული, თამარ ქარაია ; რედაქტორები: ლელა ჯავახიშვილი, დავით ღონღაძე ; დიზაინერი და დამკაბადონებელი ნუგზარ არჩემაშვილი.
264 _aთბილისი :
_bსაარჩევნო სისტემათა საერთაშორისო ფონდი (IFES),
_c2021.
300 _a126 გვ. ;
_b24 სმ.
504 _aბიბლიოგრაფია: გვ. 123-125.
653 _aსახელმწიფო სამართალი.
653 _aადამიანის უფლებები.
700 _aქარაია, თამარ
_eავტორი
_99735
700 _aჯავახიშვილი, ლელა
_eრედაქტორი
_914241
700 _aღონღაძე, დავით
_eრედაქტორი
_914242
700 _aარჩემაშვილი, ნუგზარ
_eდიზაინერი
_914243
856 _uhttps://www.interbusiness.edu.ge/e-books/3903330c76ebb502e4fae85ef2ff71b1.pdf
_yელ. ვერსია. pdf
942 _2udc
_cBK